| 000 | 00000nam##2200000za#4500 |
| 001 | 9.622555 |
| 003 | CaOODSP |
| 005 | 20200327172519 |
| 007 | ta |
| 008 | 150406|1993||||xxc||||| f|0| 0 fre|d |
| 040 | |aCaOODSP|bfre |
| 043 | |an-cn--- |
| 086 | 1 |aFs97-6/1946F |
| 110 | 1 |aCanada. |bMinistère des pêches et des océans. |
| 245 | 10|aRapport sur l'évaluation des stocks de poisson de fond des eaux canadiennes de l'Atlantique nord-ouest, du 4 au 14 mai 1993 / |cÉtabli par Alan Sinclair. |
| 260 | |aOttawa - Ontario : |bPêches et Océans Canada |c1993. |
| 300 | |avi, 215p. : |bfigures, graphiques, références, tableaux ; |c28 cm. |
| 490 | 1 |aRapport technique canadien des sciences halieutiques et aquatiques|v1946 |
| 500 | |aPréparé au Centre des pêches du Golfe, Ministère des Pêches et des Océans, C.P. 5030, Moncton (N.-B.) E1C 9B6. |
| 546 | |aAbstracts in English |
| 563 | |aCouverture souple |
| 691 | 07|aPêcheries|2gcpds |
| 720 | 1 |aSinclair, Alan |
| 776 | 0#|tRapport sur l'évaluation des stocks de poisson de fond des eaux canadiennes de l'Atlantique nord-ouest du 4 au 14 mai 1993 / |w(CaOODSP)9.604015 |
| 830 | #0|aRapport technique canadien des sciences halieutiques et aquatiques ;|v1946|w(CaOODSP)9.513051 |